[Event "IX Festival FIDE"]
[Site "Robecchetto con Induno ITA"]
[Date "1997.01.??"]
[Round "4"]
[White "Podini, Francesco"]
[Black "Pagnoncelli, Marco"]
[Result "1-0"]
[WhiteElo "2010"]
[BlackElo "2115"]
[PlyCount "75"]
[EventDate "1997.01.04"]

1. c4 Nf6 2. Nc3 g6 3. g3 Bg7 4. Bg2 O-O 5. e4 d6 6. Nge2 e5 7. O-O c6 8. d3
Be6 9. h3 Ne8 10. f4 f5 11. exf5 gxf5 12. Be3 Kh8 13. b3 Na6 14. d4 e4 15. d5
Bd7 16. dxc6 bxc6 17. Qd2 Be6 18. Nd4 Bd7 19. Rad1 Qe7 20. Nde2 Nac7 21. Bd4
Nf6 22. Na4 Nce8 23. Qa5 Be6 24. Be3 Qb7 25. Nd4 Qc8 26. Nxe6 Qxe6 27. Nb6 Rd8
28. Qxa7 d5 29. cxd5 cxd5 30. Na4 Nh5 31. Kh2 Qg6 32. Bf2 d4 33. g4 fxg4 34.
hxg4 Qxg4 35. Qe7 Bf6 36. Qxf8+ Qg8 37. Qxg8+ Kxg8 38. Bxe4 1-0

[Event "IX Festival FIDE"]
[Site "Robecchetto con Induno ITA"]
[Date "1997.01.??"]
[Round "5"]
[White "Barlocco, Carlo"]
[Black "Pagnoncelli, Marco"]
[Result "1-0"]
[WhiteElo "2150"]
[BlackElo "2115"]
[PlyCount "113"]
[EventDate "1997.01.04"]

1. d4 Nf6 2. Nf3 g6 3. Nbd2 Bg7 4. e4 d6 5. b3 c5 6. Bb2 cxd4 7. Nxd4 Qa5 8.
Bb5+ Bd7 9. Qe2 Nc6 10. Bxc6 bxc6 11. O-O O-O 12. Nc4 Qg5 13. Rad1 Nh5 14. Bc1
Qh4 15. Rfe1 Bg4 16. f3 Bd7 17. g4 c5 18. Nf5 gxf5 19. gxh5 Qxh5 20. e5 Bc6 21.
Rd3 dxe5 22. Nxe5 Rac8 23. f4 Qxe2 24. Rxe2 Be4 25. Rd7 Bxe5 26. fxe5 Rfd8 27.
Red2 Rxd7 28. Rxd7 Kg7 29. Rxe7 Kg6 30. e6 fxe6 31. Rxe6+ Kf7 32. Ra6 Bxc2 33.
Rxa7+ Kg6 34. Bb2 Rd8 35. Rg7+ Kh6 36. Rc7 Rd5 37. Bc1+ Kg6 38. Be3 Bb1 39.
Rc6+ Kf7 40. a4 Be4 41. Rc7+ Kg6 42. Bxc5 Bc2 43. a5 Bxb3 44. a6 Rd1+ 45. Kf2
Ra1 46. a7 Bd5 47. Kg3 Ra4 48. Rd7 f4+ 49. Kh4 f3+ 50. Kg3 Be4 51. Bd4 Kf5 52.
Re7 Ba8 53. Be3 Kg6 54. Re8 Bd5 55. h3 h5 56. h4 Ra5 57. Re5 1-0

[Event "IX Festival FIDE"]
[Site "Robecchetto con Induno ITA"]
[Date "1997.01.??"]
[Round "5"]
[White "Cavallini, Gianfranco"]
[Black "Podini, Francesco"]
[Result "1-0"]
[WhiteElo "2016"]
[BlackElo "2010"]
[PlyCount "59"]
[EventDate "1997.01.04"]

1. e4 c5 2. Nf3 e6 3. b3 Nc6 4. Bb2 d6 5. Bb5 Bd7 6. O-O Nf6 7. Bxc6 Bxc6 8. e5
dxe5 9. Nxe5 Qc7 10. Nxc6 Qxc6 11. d3 Be7 12. Nd2 O-O 13. f4 Nd5 14. Qf3 Nb4
15. Qg3 f6 16. a3 Nd5 17. Rae1 Rae8 18. Qg4 Bd8 19. c4 Nc7 20. Rf3 Qd7 21. Rg3
Na6 22. Ne4 Rf7 23. Qh5 b6 24. Ree3 Ref8 25. Rg4 g6 26. Ng3 Rg7 27. Qh6 Nb8 28.
Nh5 gxh5 29. Rxg7+ Qxg7 30. Rg3 1-0

[Event "IX Festival FIDE"]
[Site "Robecchetto con Induno ITA"]
[Date "1997.01.??"]
[Round "5"]
[White "Hitzgerova, Gabriela"]
[Black "Colombo, Alberto"]
[Result "0-1"]
[WhiteElo "2170"]
[BlackElo "2100"]
[PlyCount "52"]
[EventDate "1997.01.04"]

1. e4 e6 2. d4 d5 3. Nd2 Nf6 4. e5 Nfd7 5. Bd3 c5 6. c3 Nc6 7. Ne2 cxd4 8. cxd4
f6 9. exf6 Nxf6 10. Nf3 Bd6 11. O-O Qc7 12. Nc3 a6 13. Bg5 O-O 14. Bh4 Nh5 15.
Bg3 Nf4 16. Bc2 g6 17. a3 Qg7 18. Bxf4 Rxf4 19. Ne2 Rf7 20. Qd3 Bd7 21. g3 Qf6
22. Ne1 e5 23. dxe5 Nxe5 24. Qxd5 Bc6 25. Qd4 Nf3+ 26. Nxf3 Qxf3 0-1

[Event "IX Festival FIDE"]
[Site "Robecchetto con Induno ITA"]
[Date "1997.01.??"]
[Round "5"]
[White "Scavo, Fernando"]
[Black "Moncher, Stefano"]
[Result "1/2-1/2"]
[WhiteElo "2155"]
[BlackElo "2200"]
[PlyCount "112"]
[EventDate "1997.01.04"]

1. d4 Nf6 2. c4 g6 3. Nc3 Bg7 4. e4 d6 5. Be2 O-O 6. Nf3 e5 7. O-O Nc6 8. d5
Ne7 9. Ne1 Ne8 10. f3 f5 11. Be3 Kh8 12. c5 Ng8 13. a4 Ngf6 14. a5 f4 15. Bf2
g5 16. cxd6 cxd6 17. Nb5 a6 18. Nc3 Rg8 19. Na4 g4 20. Nb6 Rb8 21. Bh4 Bh6 22.
fxg4 Bg5 23. Bxg5 Rxg5 24. Nxc8 Qxc8 25. Rc1 Qd7 26. Rc4 Nxg4 27. Bxg4 Rxg4 28.
Rf2 Nf6 29. Rfc2 Rbg8 30. Qf3 R4g7 31. Qc3 Qg4 32. Nf3 Qh3 33. Ne1 Qh5 34. Nf3
Ng4 35. Rc8 Ne3 36. Rxg8+ Rxg8 37. Rf2 Nd1 38. Qc7 Nxf2 39. Kxf2 Qg4 40. Ne1
Qg6 41. Kf3 Qh5+ 42. Kf2 Qh4+ 43. Kf1 Qd8 44. Qf7 Rg7 45. Qe6 Qd7 46. Qf6 Qe7
47. Qf5 Qf7 48. Qc8+ Rg8 49. Qh3 Qg6 50. Qd7 Qxe4 51. Qxd6 Qf5 52. Qe7 Qg5 53.
Qe6 Rf8 54. d6 Qf6 55. Qd5 Rd8 56. d7 56... Qe7 $138 1/2-1/2

[Event "IX Festival FIDE"]
[Site "Robecchetto con Induno ITA"]
[Date "1997.01.??"]
[Round "5"]
[White "Sgnaolin, Davide"]
[Black "Guerrini, Donato"]
[Result "1-0"]
[WhiteElo "2065"]
[BlackElo "1951"]
[PlyCount "101"]
[EventDate "1997.01.04"]

1. e4 e6 2. d4 d5 3. Nc3 Nf6 4. Bg5 Bb4 5. e5 h6 6. Bd2 Bxc3 7. bxc3 Ne4 8. Bd3
Nxd2 9. Qxd2 c5 10. f4 Nc6 11. Nf3 Qa5 12. c4 Qxd2+ 13. Kxd2 dxc4 14. Bxc4 cxd4
15. Bb5 Bd7 16. Bxc6 Bxc6 17. Nxd4 O-O-O 18. Ke3 Kc7 19. Rhd1 Rd7 20. Rd2 Rhd8
21. Rad1 a6 22. g4 g6 23. f5 Rd5 24. fxe6 Rxe5+ 25. Kf4 Re4+ 26. Kg3 Rf8 27.
Nxc6 Kxc6 28. Rd6+ Kc5 29. exf7 Rxf7 30. Rxg6 Re3+ 31. Kh4 Re2 32. h3 Rh7 33.
Rdd6 h5 34. g5 Re4+ 35. Kg3 Re3+ 36. Kf4 Rxh3 37. Rgf6 Ra3 38. Rh6 Rf7+ 39.
Rdf6 Ra4+ 40. Kf5 Rg7 41. g6 Rxa2 42. Rf7 Rg8 43. Rxb7 Kd4 44. g7 Rxc2 45. Rxa6
Ke3 46. Kg6 Kf4 47. Rf7+ Kg4 48. Ra4+ Kh3 49. Kxh5 Rc6 50. Ra3+ Kg2 51. Rb7 1-0

[Event "IX Festival FIDE"]
[Site "Robecchetto con Induno ITA"]
[Date "1997.01.??"]
[Round "6"]
[White "Cavallini, Gianfranco"]
[Black "Scavo, Fernando"]
[Result "1/2-1/2"]
[WhiteElo "2016"]
[BlackElo "2155"]
[PlyCount "34"]
[EventDate "1997.01.04"]

1. e4 e6 2. d3 d5 3. Nd2 Nf6 4. Ngf3 Nc6 5. Be2 Bc5 6. O-O O-O 7. c3 a5 8. Qc2
e5 9. h3 Qe7 10. Nh2 a4 11. Bf3 d4 12. Kh1 a3 13. Nb3 axb2 14. Bxb2 dxc3 15.
Bxc3 Bb6 16. Qb2 Rd8 17. Be2 Nd4 1/2-1/2

[Event "IX Festival FIDE"]
[Site "Robecchetto con Induno ITA"]
[Date "1997.01.??"]
[Round "6"]
[White "Colombo, Alberto"]
[Black "Podini, Francesco"]
[Result "1-0"]
[WhiteElo "2100"]
[BlackElo "2010"]
[PlyCount "106"]
[EventDate "1997.01.04"]

1. d4 Nf6 2. Nf3 d5 3. c3 Bf5 4. Bf4 c6 5. Nbd2 Qb6 6. Qb3 e6 7. e3 Nbd7 8. Be2
Be7 9. O-O O-O 10. Nh4 Bg6 11. Nxg6 hxg6 12. h3 Qxb3 13. axb3 Rfe8 14. b4 Bf8
15. Nb3 e5 16. dxe5 Nxe5 17. Na5 Rab8 18. b5 cxb5 19. Bxb5 Re6 20. Nb3 a6 21.
Be2 Rd8 22. Nd4 Ree8 23. Rfd1 Ne4 24. Nf3 Nc6 25. Kf1 Bc5 26. Rd3 f6 27. Bd1
Re7 28. Bb3 Red7 29. Rad1 Ne7 30. Nd2 Nd6 31. Bxd5+ Nxd5 32. Rxd5 Nc4 33. Rxc5
Nxb2 34. Rb1 Rxd2 35. Rc7 Rc2 36. e4 g5 37. Be3 b5 38. Bd4 b4 39. e5 a5 40.
exf6 gxf6 41. Re1 Kf8 42. Ree7 Rc1+ 43. Ke2 Re8 44. Rxe8+ Kxe8 45. Bxf6 b3 46.
Ke3 a4 47. Ke4 a3 48. Re7+ Kf8 49. Ra7 Nc4 50. Be7+ Ke8 51. Bxa3 Nxa3 52. Rb7
Rxc3 53. Kd4 53... Nb1 $139 1-0

[Event "IX Festival FIDE"]
[Site "Robecchetto con Induno ITA"]
[Date "1997.01.??"]
[Round "6"]
[White "Dorighet, Claudio"]
[Black "Pagnoncelli, Marco"]
[Result "1/2-1/2"]
[WhiteElo "2090"]
[BlackElo "2115"]
[PlyCount "64"]
[EventDate "1997.01.04"]

1. c4 Nf6 2. Nc3 g6 3. e4 e5 4. g3 Bg7 5. Bg2 d6 6. Nge2 O-O 7. O-O c6 8. d3
Be6 9. h3 Ne8 10. Be3 f5 11. exf5 gxf5 12. f4 Kh8 13. b3 Na6 14. Qd2 Qe7 15.
Rae1 Rg8 16. Kh2 Bf6 17. d4 e4 18. d5 Bd7 19. Bd4 c5 20. Bxf6+ Nxf6 21. a3 Rac8
22. Nd1 Qg7 23. Rg1 Qh6 24. Ne3 Rg6 25. Rb1 Rcg8 26. Qe1 Qg7 27. Qf2 Rh6 28. h4
Ng4+ 29. Nxg4 Qxg4 30. Bh3 Qh5 31. Nc3 Rg7 32. Rg2 Nc7 1/2-1/2

[Event "IX Festival FIDE"]
[Site "Robecchetto con Induno ITA"]
[Date "1997.01.??"]
[Round "6"]
[White "Guerrini, Donato"]
[Black "Malano, Francesco"]
[Result "1-0"]
[WhiteElo "1951"]
[BlackElo "2070"]
[PlyCount "125"]
[EventDate "1997.01.04"]

1. e4 c5 2. Nc3 Nc6 3. g3 g6 4. Bg2 Bg7 5. d3 d6 6. Be3 e6 7. Qd2 Nge7 8. Nf3
Nd4 9. Nd1 Nxf3+ 10. Bxf3 Bd7 11. Bh6 O-O 12. O-O Rb8 13. a4 Nc6 14. Bxg7 Kxg7
15. Ne3 Qf6 16. Bg2 Qxb2 17. Nc4 Qf6 18. Nxd6 e5 19. Nc4 Be6 20. Ne3 Nd4 21.
Qd1 Rfd8 22. Nd5 Bxd5 23. exd5 h5 24. Rb1 Qa6 25. c3 Nf5 26. Re1 f6 27. Be4 Nd6
28. Bg2 Re8 29. Qc2 Qa5 30. Re2 b5 31. axb5 Rxb5 32. Rb2 Qa1+ 33. Bf1 Reb8 34.
Ra2 Qb1 35. Rxa7+ R8b7 36. Qxb1 Rxb1 37. Rxb7+ Nxb7 38. Ra2 Kf7 39. Ra6 Rb3 40.
c4 Rb1 41. Kg2 g5 42. h3 Kg6 43. Be2 Rb3 44. Bf3 h4 45. Be4+ Kf7 46. gxh4 gxh4
47. Kf3 Rb2 48. Bf5 Ke7 49. Re6+ Kf7 50. Rc6 Ke7 51. Bc8 Nd6 52. Rc7+ Ke8 53.
Rxc5 e4+ 54. dxe4 Rxf2+ 55. Kxf2 Nxe4+ 56. Kf3 Nxc5 57. Kg4 Ke7 58. Kxh4 Kd6
59. Kg4 Ke5 60. h4 Ne4 61. h5 Nd6 62. h6 Nxc8 63. h7 1-0

[Event "IX Festival FIDE"]
[Site "Robecchetto con Induno ITA"]
[Date "1997.01.??"]
[Round "6"]
[White "Moncher, Stefano"]
[Black "Barlocco, Carlo"]
[Result "1-0"]
[WhiteElo "2200"]
[BlackElo "2150"]
[PlyCount "65"]
[EventDate "1997.01.04"]

1. e4 c5 2. c4 Nc6 3. Nc3 g6 4. g3 Bg7 5. Bg2 d6 6. Nge2 e6 7. O-O Nge7 8. a3
O-O 9. Rb1 Nd4 10. d3 Nxe2+ 11. Nxe2 d5 12. Be3 d4 13. Bd2 a5 14. f4 Bd7 15. g4
Nc6 16. Ng3 f5 17. Kh1 Qh4 18. gxf5 gxf5 19. exf5 e5 20. Be4 Ne7 21. Rg1 Kh8
22. Nh5 Nxf5 23. Qf3 Bh6 24. Rg4 Qe7 25. Rbg1 Nh4 26. Qh3 Bxg4 27. Rxg4 Nf5 28.
Ng3 Ne3 29. Rh4 Bg7 30. Rxh7+ Kg8 31. Bxe3 dxe3 32. Bd5+ Qf7 33. Nf5 1-0

[Event "III Festival A"]
[Site "Verona ITA"]
[Date "1997.01.??"]
[Round "1"]
[White "Barbieri, Giovanni"]
[Black "Sulava, Nenad"]
[Result "0-1"]
[WhiteElo "2150"]
[BlackElo "2380"]
[PlyCount "88"]
[EventDate "1997.01.02"]

1. e4 c5 2. Nf3 e6 3. b4 cxb4 4. d4 Nf6 5. Bd3 d5 6. e5 Ne4 7. O-O Nc6 8. Nbd2
Nc3 9. Qe1 Be7 10. Nb3 a5 11. Bd2 a4 12. Bxc3 bxc3 13. Nc1 g5 14. Qd1 Ba3 15.
Ne2 Bb2 16. Ne1 Bd7 17. f4 Qb6 18. Rb1 Nxd4 19. Kh1 Nxe2 20. Qxe2 gxf4 21. Rxf4
O-O-O 22. Nf3 Rhg8 23. a3 d4 24. Nxd4 Kb8 25. Qf2 Bc8 26. Be2 Rd7 27. Qh4 Qc5
28. Re1 Rgd8 29. Nf3 Qe7 30. Qf2 Bxa3 31. Rxa4 Bc5 32. Qf1 b6 33. Rea1 Bb7 34.
Bb5 Rd2 35. Ba6 Bc6 36. Bb5 Bxb5 37. Ra8+ Kc7 38. R1a7+ Kc6 39. Nd4+ R8xd4 40.
Qf3+ Rd5 41. Rxe7 Bxe7 42. h3 Kb7 43. Ra1 Ba6 44. Qxf7 Rd7 0-1

[Event "III Festival A"]
[Site "Verona ITA"]
[Date "1997.01.??"]
[Round "1"]
[White "Bertani, Gianfranco"]
[Black "Braghetta, Sergio"]
[Result "0-1"]
[WhiteElo "2029"]
[BlackElo "2195"]
[PlyCount "76"]
[EventDate "1997.01.02"]

1. Nf3 d5 2. d3 c5 3. Nbd2 Nc6 4. e4 Nf6 5. c3 e5 6. Be2 Be7 7. O-O O-O 8. a3
Re8 9. b4 a6 10. bxc5 Bxc5 11. a4 h6 12. Nb3 Ba7 13. Qc2 Be6 14. Ba3 dxe4 15.
dxe4 Nxe4 16. Qxe4 Bxb3 17. c4 Nd4 18. Bd3 f5 19. Qxb7 Nxf3+ 20. Qxf3 e4 21.
Bxe4 fxe4 22. Qxb3 Bd4 23. Rab1 e3 24. c5+ Kh8 25. Qc4 exf2+ 26. Kh1 Qf6 27. c6
Qe5 28. Rbd1 Bb6 29. Bd6 Qf5 30. Bb4 Re4 31. Qc2 Qf4 32. c7 Bxc7 33. Bd6 Bxd6
34. Rxd6 Re1 35. Rd1 Rae8 36. h3 a5 37. Qd3 Qxa4 38. Kh2 Qxd1 0-1

[Event "III Festival A"]
[Site "Verona ITA"]
[Date "1997.01.??"]
[Round "1"]
[White "Bevilacqua, Maurizio"]
[Black "Mrdja, Milan"]
[Result "0-1"]
[WhiteElo "2155"]
[BlackElo "2425"]
[PlyCount "54"]
[EventDate "1997.01.02"]

1. d4 Nf6 2. Nf3 g6 3. c4 Bg7 4. Nc3 O-O 5. g3 c6 6. Bg2 d6 7. O-O Qa5 8. h3
Be6 9. Qd3 Qa6 10. b3 d5 11. Ne5 Rc8 12. g4 dxc4 13. bxc4 Nfd7 14. Qe4 Nxe5 15.
dxe5 Bxc4 16. f4 Nd7 17. Kh1 Nb6 18. f5 Qa5 19. f6 exf6 20. exf6 Bf8 21. Bb2
Nd5 22. Nxd5 Bxd5 23. Qd3 Bxg2+ 24. Kxg2 Rd8 25. Qf3 Rd6 26. h4 Re8 27. Rf2
Ree6 0-1

[Event "III Festival A"]
[Site "Verona ITA"]
[Date "1997.01.??"]
[Round "1"]
[White "Di Lazzaro, Gabriele"]
[Black "Sbarra, Marco"]
[Result "0-1"]
[WhiteElo "2095"]
[BlackElo "2285"]
[PlyCount "48"]
[EventDate "1997.01.02"]

1. Nf3 Nf6 2. g3 d5 3. Bg2 Bf5 4. d3 e6 5. O-O Be7 6. c4 c6 7. Qb3 Qb6 8. Nc3
Nbd7 9. Bf4 h6 10. cxd5 Qxb3 11. axb3 exd5 12. e4 dxe4 13. Nd4 Bh7 14. dxe4 O-O
15. Bf3 Bc5 16. Rfd1 Rfe8 17. Nf5 Ne5 18. Bg2 Bxf5 19. exf5 Neg4 20. Rd2 Rad8
21. Rad1 Rxd2 22. Rxd2 Nxf2 23. Kf1 N6g4 24. h3 Nh2+ 0-1

[Event "III Festival A"]
[Site "Verona ITA"]
[Date "1997.01.??"]
[Round "1"]
[White "Everet, Alexandro"]
[Black "Rossi, Carlo"]
[Result "0-1"]
[WhiteElo "2135"]
[BlackElo "2320"]
[PlyCount "36"]
[EventDate "1997.01.02"]

1. d4 Nc6 2. c4 e5 3. d5 Nce7 4. Nc3 Ng6 5. g3 Nf6 6. Bg2 Bb4 7. Bd2 O-O 8. e4
d6 9. Nge2 Bd7 10. a3 Bc5 11. Rc1 Ng4 12. O-O f5 13. exf5 Bxf5 14. Be1 Nh4 15.
b4 Nxg2 16. bxc5 N2e3 17. fxe3 Nxe3 18. Qa4 Bc2 0-1

[Event "III Festival A"]
[Site "Verona ITA"]
[Date "1997.01.??"]
[Round "1"]
[White "Farina, Saverio"]
[Black "Grosar, Aljosa"]
[Result "1/2-1/2"]
[WhiteElo "2170"]
[BlackElo "2495"]
[PlyCount "75"]
[EventDate "1997.01.02"]

1. d4 Nf6 2. c4 e6 3. a3 c5 4. e3 d5 5. Nf3 Nc6 6. Nc3 Be7 7. dxc5 Bxc5 8. b4
Be7 9. Bb2 O-O 10. Qc2 Bd7 11. cxd5 exd5 12. Be2 Rc8 13. O-O Be6 14. Rfd1 Qd7
15. Rac1 Rfd8 16. Qb1 h6 17. Nb5 Bf5 18. Qa1 a5 19. bxa5 Nxa5 20. Nbd4 Nc4 21.
Bxc4 Rxc4 22. Ne5 Qc8 23. Nxf5 Qxf5 24. Nxc4 dxc4 25. Rxd8+ Bxd8 26. Bxf6 Bxf6
27. Qb1 Qd5 28. a4 c3 29. Rd1 Qc4 30. Qc2 b5 31. axb5 Qxb5 32. g3 Qc4 33. Rb1
g6 34. Rb7 Bg7 35. Rb1 h5 36. h4 Qd5 37. Rd1 Qb5 38. Rb1 1/2-1/2

[Event "III Festival A"]
[Site "Verona ITA"]
[Date "1997.01.??"]
[Round "1"]
[White "Franchini, Gabriele"]
[Black "Tommasi, Daniele"]
[Result "1/2-1/2"]
[WhiteElo "2200"]
[BlackElo "2032"]
[PlyCount "34"]
[EventDate "1997.01.02"]

1. e4 c5 2. Nf3 d6 3. d4 cxd4 4. Qxd4 a6 5. c4 Nf6 6. Nc3 Nc6 7. Qd2 g6 8. b3
Bg7 9. Bb2 O-O 10. Be2 Qa5 11. Nd5 Nxe4 12. Nxe7+ Kh8 13. Bxg7+ Kxg7 14. Nxc6
Qxd2+ 15. Nxd2 Nxd2 16. Ne7 Ne4 17. O-O Be6 1/2-1/2

[Event "III Festival A"]
[Site "Verona ITA"]
[Date "1997.01.??"]
[Round "1"]
[White "Martorelli, Antonio"]
[Black "Bressanelli, Roberto"]
[Result "1-0"]
[WhiteElo "2365"]
[BlackElo "2140"]
[PlyCount "43"]
[EventDate "1997.01.02"]

1. e4 e5 2. Nc3 Bc5 3. Bc4 Nf6 4. d3 d6 5. Nf3 Nc6 6. Bg5 h6 7. Bxf6 Qxf6 8.
Nd5 Qd8 9. c3 Na5 10. b4 Nxc4 11. bxc5 Na5 12. cxd6 cxd6 13. d4 exd4 14. Nxd4
Bd7 15. O-O O-O 16. Rb1 b6 17. Nf5 Bxf5 18. exf5 Qg5 19. f6 Rad8 20. h4 Qxh4
21. Rb4 Nc4 22. g3 1-0

[Event "III Festival A"]
[Site "Verona ITA"]
[Date "1997.01.??"]
[Round "1"]
[White "Messa, Roberto"]
[Black "De Vita, Igor"]
[Result "1-0"]
[WhiteElo "2305"]
[BlackElo "2130"]
[PlyCount "117"]
[EventDate "1997.01.02"]

1. e4 Nf6 2. e5 Nd5 3. g3 d6 4. exd6 exd6 5. Bg2 Nf6 6. d4 Be7 7. Nf3 c6 8. O-O
O-O 9. c4 Bg4 10. Nc3 Nbd7 11. Re1 Re8 12. Bf4 Qb6 13. Qd2 Qa6 14. d5 cxd5 15.
cxd5 Bxf3 16. Bxf3 Bf8 17. Be2 Qb6 18. Bb5 a6 19. Ba4 Ne5 20. Bxe5 Rxe5 21.
Rxe5 dxe5 22. Rd1 Re8 23. Bb3 Bb4 24. Qe2 Bd6 25. Kg2 Qc7 26. Rd2 Rc8 27. h3 g6
28. Qf3 Kg7 29. Rd1 Re8 30. Re1 Qa5 31. Re3 Rc8 32. g4 h6 33. Qe2 Qb4 34. Qf3
Qd4 35. Qe2 Qb4 36. Kf1 Qf4 37. Qf3 Qxf3 38. Rxf3 b5 39. Rd3 Rc7 40. Ke2 Kf8
41. f3 Re7 42. Nd1 e4 43. Rc3 exf3+ 44. Kxf3 Nd7 45. Rc8+ Re8 46. Rxe8+ Kxe8
47. a3 Ke7 48. Ba2 Be5 49. Ke4 Kd6 50. Kd3 Nf6 51. Nc3 Bxc3 52. bxc3 Nxd5 53.
Kd4 Nf4 54. Bxf7 Nxh3 55. Bxg6 Nf4 56. Bf7 Ne2+ 57. Kd3 Nc1+ 58. Kd2 Ke7 59.
Bg8 1-0

[Event "III Festival A"]
[Site "Verona ITA"]
[Date "1997.01.??"]
[Round "1"]
[White "Mollero, Michele"]
[Black "Luciani, Valerio"]
[Result "0-1"]
[WhiteElo "2050"]
[BlackElo "2180"]
[PlyCount "104"]
[EventDate "1997.01.02"]

1. e4 e6 2. d4 d5 3. e5 c5 4. c3 Nc6 5. Nf3 Qb6 6. a3 c4 7. g3 h5 8. h4 g6 9.
Qc2 Na5 10. Nbd2 Nh6 11. Bh3 Nf5 12. Ng5 Bh6 13. Ndf3 Nb3 14. Rb1 Nxc1 15. Rxc1
O-O 16. O-O Bd7 17. Kg2 Kg7 18. Qd2 Qd8 19. Ne1 Bxg5 20. hxg5 Ba4 21. Bxf5 exf5
22. Rh1 Qe7 23. Nf3 Bd7 24. Qf4 Be6 25. Rh4 b5 26. Ne1 a5 27. Nc2 Rab8 28. Rch1
Rh8 29. f3 Ra8 30. Kf2 Rab8 31. Ne3 b4 32. axb4 axb4 33. g4 bxc3 34. bxc3 hxg4
35. Rxh8 Rxh8 36. Rxh8 Kxh8 37. fxg4 Qa3 38. gxf5 Qa2+ 39. Kf3 Bxf5 40. Nxf5
gxf5 41. Qe3 Qc2 42. Kg3 Qe4 43. Kf2 Kg7 44. Qc1 Qh4+ 45. Ke2 Qg4+ 46. Kf2 f4
47. Qh1 Qg3+ 48. Ke2 Qd3+ 49. Kf2 Qe3+ 50. Kf1 Qc1+ 51. Kg2 Qxh1+ 52. Kxh1 Kg6
0-1

[Event "III Festival A"]
[Site "Verona ITA"]
[Date "1997.01.??"]
[Round "1"]
[White "Peric, Slavisa"]
[Black "Cristiani, Cesare"]
[Result "1-0"]
[WhiteElo "2260"]
[BlackElo "2075"]
[PlyCount "75"]
[EventDate "1997.01.02"]

1. d4 d5 2. c4 e6 3. Nc3 Nf6 4. cxd5 exd5 5. Bg5 Be7 6. Qc2 c6 7. e3 Nbd7 8.
Bd3 O-O 9. Nge2 Re8 10. O-O Nf8 11. f3 Nh5 12. Bxe7 Rxe7 13. e4 dxe4 14. fxe4
g6 15. h3 Qc7 16. Rf3 Ne6 17. Qd2 Qa5 18. e5 Qd8 19. Bc4 Nc7 20. Rd1 Be6 21.
Bxe6 Nxe6 22. g4 Nhg7 23. Ne4 Ne8 24. N2c3 Rd7 25. d5 cxd5 26. Nxd5 Rxd5 27.
Qxd5 Qb6+ 28. Rf2 Rd8 29. Nd6 Ng5 30. Rd3 Nc7 31. Qb3 Qc5 32. Qc3 Qxc3 33. bxc3
Nb5 34. h4 Ne4 35. Rff3 Nexd6 36. exd6 Nxd6 37. Rf6 Ne4 38. Rxd8+ 1-0

[Event "III Festival A"]
[Site "Verona ITA"]
[Date "1997.01.??"]
[Round "1"]
[White "Perich, Stefano"]
[Black "Lucaroni, Massimiliano"]
[Result "0-1"]
[WhiteElo "2080"]
[BlackElo "2265"]
[PlyCount "48"]
[EventDate "1997.01.02"]

1. c4 e6 2. Nc3 f5 3. g3 Nf6 4. Bg2 Be7 5. Nf3 O-O 6. O-O d6 7. d4 Qe8 8. Qc2
Qh5 9. e3 Nc6 10. a3 e5 11. Nd5 Bd8 12. Nxf6+ Bxf6 13. dxe5 dxe5 14. e4 fxe4
15. Qxe4 Bf5 16. Qe3 Rad8 17. Re1 Rd3 18. Qe2 e4 19. Nd2 Qxe2 20. Rxe2 Nd4 21.
Re3 Bg5 22. Rxd3 exd3 23. f4 Bf6 24. b4 Ne2+ 0-1

[Event "III Festival A"]
[Site "Verona ITA"]
[Date "1997.01.??"]
[Round "1"]
[White "Wohl, Aleksandar H."]
[Black "Zoldan, Matteo"]
[Result "1-0"]
[WhiteElo "2425"]
[BlackElo "2155"]
[PlyCount "69"]
[EventDate "1997.01.02"]

1. e4 c5 2. Nf3 d6 3. d4 cxd4 4. Nxd4 Nf6 5. Nc3 e6 6. Be3 a6 7. f4 Qc7 8. Qf3
b5 9. Bd3 Bb7 10. g4 Nc6 11. g5 Nd7 12. O-O-O O-O-O 13. Kb1 Be7 14. Rhe1 h6 15.
g6 Nxd4 16. Bxd4 e5 17. Nd5 Bxd5 18. exd5 Bf6 19. fxe5 Bxe5 20. Bg1 fxg6 21.
Bxg6 Rhf8 22. Qa3 Kb7 23. Qe3 Ka8 24. Rf1 Rde8 25. Bxe8 Rxe8 26. Rf7 Rf8 27.
Rxf8+ Nxf8 28. Rf1 Ng6 29. Qe4 Qc4 30. Qxc4 bxc4 31. Rf7 Nf4 32. Bd4 Bxd4 33.
Rxf4 Bc5 34. Rf7 Kb8 35. h4 1-0

[Event "III Festival A"]
[Site "Verona ITA"]
[Date "1997.01.??"]
[Round "2"]
[White "Bevilacqua, Maurizio"]
[Black "Barbieri, Giovanni"]
[Result "1-0"]
[WhiteElo "2155"]
[BlackElo "2150"]
[PlyCount "103"]
[EventDate "1997.01.02"]

1. d4 Nf6 2. c4 g6 3. Nc3 Bg7 4. e4 d6 5. Nge2 O-O 6. Ng3 Nbd7 7. Be3 c6 8. f3
e5 9. d5 Ne8 10. Bd3 Nc5 11. Bc2 Qe7 12. dxc6 bxc6 13. b4 Ne6 14. O-O Nd4 15.
Nge2 Nxc2 16. Qxc2 Be6 17. Qd3 f5 18. b5 c5 19. Nd5 Qf7 20. Nec3 h6 21. a4 g5
22. exf5 Bxf5 23. Qxf5 Qxf5 24. Ne7+ Kh7 25. Nxf5 Rxf5 26. Rad1 Rf7 27. a5 Bf8
28. Ne4 Kg6 29. Rd3 Rb7 30. Rfd1 Be7 31. a6 Rc7 32. g4 Rac8 33. Kg2 Bf8 34. h4
gxh4 35. Nxd6 h3+ 36. Kxh3 Bxd6 37. Rxd6+ Nxd6 38. Rxd6+ Kg7 39. Bxh6+ Kf7 40.
Be3 Ke7 41. Rd5 Ke6 42. g5 Kf5 43. Kg3 Rh7 44. f4 Ke4 45. Rxe5+ Kd3 46. g6 Rg7
47. f5 Kxc4 48. Bh6 Rd7 49. f6 Rg8 50. Rg5 Rd3+ 51. Kg4 Re8 52. g7 1-0

[Event "III Festival A"]
[Site "Verona ITA"]
[Date "1997.01.??"]
[Round "2"]
[White "Bressanelli, Roberto"]
[Black "Mollero, Michele"]
[Result "1/2-1/2"]
[WhiteElo "2140"]
[BlackElo "2050"]
[PlyCount "76"]
[EventDate "1997.01.02"]

1. e4 Nf6 2. e5 Nd5 3. d4 d6 4. exd6 cxd6 5. h3 g6 6. Nf3 Bg7 7. Bc4 Nf6 8. Be3
O-O 9. O-O d5 10. Bb3 b5 11. Ne5 a5 12. a3 e6 13. Nd2 Qc7 14. c3 Nbd7 15. Bf4
Nxe5 16. Bxe5 Qe7 17. Re1 Ba6 18. Ba2 Qd8 19. Nb3 Nd7 20. Bxg7 Kxg7 21. Nc5
Nxc5 22. dxc5 a4 23. b4 axb3 24. Qd4+ Kg8 25. Bxb3 Qc7 26. a4 Rac8 27. axb5
Bxb5 28. c4 dxc4 29. Bxc4 Qxc5 30. Qxc5 Rxc5 31. Bxb5 Rxb5 32. Re2 Rfb8 33.
Raa2 Rb1+ 34. Kh2 h5 35. g3 Kg7 36. Kg2 R8b4 37. h4 Rb7 38. Red2 R7b4 1/2-1/2

[Event "III Festival A"]
[Site "Verona ITA"]
[Date "1997.01.??"]
[Round "2"]
[White "Cristiani, Cesare"]
[Black "Everet, Alexandro"]
[Result "0-1"]
[WhiteElo "2075"]
[BlackElo "2135"]
[PlyCount "52"]
[EventDate "1997.01.02"]

1. f4 d5 2. Nf3 c5 3. g3 Nc6 4. Bg2 Nf6 5. O-O Qb6 6. Kh1 Bf5 7. d3 e6 8. Na3
c4 9. e4 dxe4 10. Nxc4 exf3 11. Nxb6 fxg2+ 12. Kxg2 axb6 13. h3 h5 14. a3 Bc5
15. Re1 O-O-O 16. Be3 Be4+ 17. Kf1 Bf5 18. Kg2 Bxe3 19. Rxe3 Nd5 20. Re1 h4 21.
c4 Nf6 22. Re3 hxg3 23. Rxg3 Nh5 24. Rf3 Rd4 25. Qf1 Nxf4+ 26. Kf2 Ne5 0-1

[Event "III Festival A"]
[Site "Verona ITA"]
[Date "1997.01.??"]
[Round "2"]
[White "Danieli, Enrico"]
[Black "De Vita, Gianni"]
[Result "1/2-1/2"]
[WhiteElo "1930"]
[BlackElo "2170"]
[PlyCount "82"]
[EventDate "1997.01.02"]

1. Nf3 Nf6 2. d4 c5 3. e3 cxd4 4. exd4 g6 5. Bd3 Bg7 6. O-O O-O 7. Re1 d6 8. c3
b6 9. Bg5 Bb7 10. Nbd2 Nc6 11. Ne4 Nxe4 12. Bxe4 Qd7 13. Bxc6 Qxc6 14. Rxe7
Rfe8 15. Rxe8+ Rxe8 16. Qd2 Qb5 17. Re1 Bxf3 18. Rxe8+ Qxe8 19. gxf3 Qb5 20. d5
Be5 21. Bh6 Qd7 22. Qg5 f6 23. Qg4 Qxg4+ 24. fxg4 g5 25. h4 Bf4 26. h5 Be5 27.
Kg2 Kf7 28. Kf3 Ke7 29. Ke4 b5 30. Kd3 Kd7 31. b3 a5 32. c4 b4 33. Bg7 Ke7 34.
Ke4 f5+ 35. Kxf5 Bxg7 36. Kxg5 Kf8 37. Kf5 Bd4 38. f4 h6 39. g5 hxg5 40. fxg5
Be3 41. Ke4 Bc5 1/2-1/2